<?xml version="1.0" encoding="UTF-8"?>
<record
    xmlns:xsi="http://www.w3.org/2001/XMLSchema-instance"
    xsi:schemaLocation="http://www.loc.gov/MARC21/slim http://www.loc.gov/standards/marcxml/schema/MARC21slim.xsd"
    xmlns="http://www.loc.gov/MARC21/slim">

  <leader>00458nam a22001457a 4500</leader>
  <controlfield tag="008">150424b        xxu||||| |||| 00| 0 eng d</controlfield>
  <datafield tag="020" ind1=" " ind2=" ">
    <subfield code="a">8798125338</subfield>
  </datafield>
  <datafield tag="082" ind1=" " ind2=" ">
    <subfield code="a">708</subfield>
    <subfield code="b">A 544p</subfield>
  </datafield>
  <datafield tag="100" ind1=" " ind2=" ">
    <subfield code="a">Weirup, Torben</subfield>
    <subfield code="9">2489</subfield>
  </datafield>
  <datafield tag="245" ind1=" " ind2=" ">
    <subfield code="a">Pia Andersen</subfield>
    <subfield code="b">Paysages</subfield>
  </datafield>
  <datafield tag="260" ind1=" " ind2=" ">
    <subfield code="a">Dinamarca</subfield>
    <subfield code="b">Pia Andersen and Galerie Moderne</subfield>
    <subfield code="c">1997</subfield>
  </datafield>
  <datafield tag="300" ind1=" " ind2=" ">
    <subfield code="a">46 p.</subfield>
    <subfield code="b">ill. (col)</subfield>
    <subfield code="c">21x27 cm</subfield>
  </datafield>
  <datafield tag="650" ind1=" " ind2=" ">
    <subfield code="x">Arte</subfield>
    <subfield code="x">Arte contemporaneo</subfield>
    <subfield code="x">Andersen P&#xED;a</subfield>
    <subfield code="x">Exhibiciones</subfield>
    <subfield code="9">2490</subfield>
  </datafield>
  <datafield tag="700" ind1=" " ind2=" ">
    <subfield code="a">Weirup, Torben</subfield>
    <subfield code="9">2491</subfield>
  </datafield>
  <datafield tag="999" ind1=" " ind2=" ">
    <subfield code="c">542</subfield>
    <subfield code="d">542</subfield>
  </datafield>
  <datafield tag="952" ind1=" " ind2=" ">
    <subfield code="0">0</subfield>
    <subfield code="1">0</subfield>
    <subfield code="2">ddc</subfield>
    <subfield code="4">0</subfield>
    <subfield code="7">0</subfield>
    <subfield code="a">LV</subfield>
    <subfield code="b">LV</subfield>
    <subfield code="c">Monograf&#xED;as</subfield>
    <subfield code="d">2015-04-24</subfield>
    <subfield code="l">0</subfield>
    <subfield code="o">708 A 544p</subfield>
    <subfield code="p">000567</subfield>
    <subfield code="r">2015-04-24 00:00:00</subfield>
    <subfield code="w">2015-04-24</subfield>
    <subfield code="y">01</subfield>
  </datafield>
</record>
